00852nam a2200253 a 450000100060000000300090000600800410001502000150005604000280007108200180009910000370011724500330015426000330018730000110022049000290023159000470026065000310030765000180033865000300035665000300038694200120041699900170042895201530044519755CO-ViMGA141112s2004 ck r 000 u spa d a9501254763 aCO-ViMGAbspacCO-ViMGA04a306.446 G172g1 aGarcía Canclini, Nestor92859610aLa Globalización Imaginada aBarcelona : bPaidos, c2001 a238 p. aPaidos Estado y Sociedad aForma de adquisición : Premio Mincultura14aANTROPOLOGIA SOCIAL94920214aGLOBALIZACION14aIDENTIDAD CULTURAL92184914aINTEGRACION SOCIAL928597 2ddccBK c28890d28890 00102ddc40708003aMEVIECARbMEVIECARd2015-12-04hVolumen. 1 | 11/jun/2009l0o306.446 G172g p19755r2015-12-04 00:00:00tEj. 1w2015-12-04yBK